Datum a čas kvízu
29
Celkem bodů
Celkový počet nahraných bodů na tomto kvízu bez doplňovacích otázek.
8.
Pořadí na kvízu
Konečné umístění týmu na tomto kvízu.
Zaznamenané odpovědi
# | Otázka | Odpověď | Body | Výsledky |
---|---|---|---|---|
1. | V sobotu se uskutečnila vzpomí... | Panenské Břežany | 0 | |
2. | Co neobvyklého přistálo ve čtv... | C) kontejnerová loď | 1 | |
3. | Ve středu a ve čtvrtek se před... | John Malkovich | 0 | |
4. | Při úklidu ve sklepeních Minis... | Edvard Beneš | 0 | |
5. | O víkendu se poblíž jednoho mě... | Nové Město na Moravě | 1 | |
6. | V tomto tématu se podíváme na... | Hayato Okamura, KDU-ČSL | 1 | |
7. | Jak se jmenuje tento muž? Opět... | Casey Affleck | 0 | |
8. | Tentokrát nás zajímá příjmení... | Hana Brejchová; Lásky jedné plavovlásky | 0.5 | |
9. | Jak se jmenuje tento muž? Tent... | Etzler; novinář | 1 | |
10. | Napište jméno i příjmení této... | Kristýna Plíšková; Dávid Hancko | 0.5 |